000 00617nam a2200241Ia 4500
003 OSt
005 20220924114243.0
006 a|||||r|||| 00| 0
007 ta
008 220923b |||||||| |||| 00| 0 urd d
020 _c4.00
024 _a316137
037 _cTextual
040 _aARTS
_cARTS
_burd
041 _2urd
_aurd
082 _aO168,1NHAx, N7
100 _aAbdul Hamid Adam
_9172653
245 0 _akharabat
260 _aAmritsar
_bAazad India
_c1997
650 _aURDU POETRY
942 _hO168,1NHAx, N7
_cTEXL
_2CC
999 _c392707
_d392707